000 00557nam a22001937a 4500
003 KOHA_MİRAKIL
005 20251127084111.0
008 251127b tu ||||| |||| 00| 0 tur d
020 _a9786254490361
040 _aTR-AnABB
_btur
_cTR-AnABB
041 _atur
082 _a823.914
_bRAN 2020
100 1 _aRankin, Ian,
245 1 0 _aBir dedektif John Rebus polisiyesi- 9: Asma bahçe /
_cIan Rankin
260 _aİstanbul :
_bAlfa Yayınları,
_c2020
300 _a487 sayfa ;
_c20 cm
650 0 4 _aİngiliz edebiyatı, roman
942 _2ddc
_cBK
999 _c9654
_d9654
900 _bGizem YORULMAZ